| 000 | 00569cam a22001571 4500 | ||
|---|---|---|---|
| 082 |
_a532 _bRAM _cL-5,P-11 |
||
| 100 | 1 |
_aRamsey, A.S _939971 |
|
| 245 | 0 | 2 |
_aA treatise on hydromechanics, _cby W. H. Besant and A. S. Ramsey. |
| 260 |
_aLondon, _bG. Bell, _c1934-1935. |
||
| 300 |
_a2 v. _bdiagrs. _c22 cm. |
||
| 505 | 0 | _apt. 1. Hydrostatics, by W. H. Besant and A. S. Ramsey. Rev. ed. pt. 2. Hydrodynamics, by A. S. Ramsey. 4th ed. | |
| 526 |
_a0 _b0 _c0 _d532_000000000000000_RAM |
||
| 650 | 0 |
_aFluid mechanics. _91678 |
|
| 700 | 1 |
_aRamsey, A. S. _939972 |
|
| 942 |
_2ddc _cBK |
||
| 999 |
_c544353 _d544353 |
||